000 00707nam a2200253Ia 4500
003 OSt
005 20220918165455.0
006 a|||||r|||| 00| 0
007 ta
008 220917b |||||||| |||| 00| 0 eng d
020 _a8120816900 (hbk)
024 _a161,959
037 _cTextual
040 _aARTS
_cARTS
_beng
041 _2eng
_aeng
082 _aP15,C:4x1,1, 111P0.1
100 _aPant Mahes Raj
_924396
245 0 _aJatarupa's commentary on the Amarakosa
260 _aDelhi
_bMotilal Banarsidas Publishers India
_c2000
300 _a468p.
_ccm.
650 _aLINGUISTICS
942 _hP15,C:4x1,1, 111P0.1
_cTEXL
_2CC
999 _c130008
_d130008